Design of concrete structures (Record no. 3628)

000 -LEADER
fixed length control field 00663nam a2200229 a 4500
001 - CONTROL NUMBER
control field 3628
003 - CONTROL NUMBER IDENTIFIER
control field BD-DhUET
008 - FIXED-LENGTH DATA ELEMENTS--GENERAL INFORMATION
fixed length control field 850621s1985 enka b 101 0 eng
020 ## - INTERNATIONAL STANDARD BOOK NUMBER
International Standard Book Number 007Y665486
040 ## - CATALOGING SOURCE
Original cataloging agency DLC
Transcribing agency DLC
Modifying agency BD-DhUET
082 00 - DEWEY DECIMAL CLASSIFICATION NUMBER
Classification number 624.183
Item number NIL/1986
100 ## - MAIN ENTRY--PERSONAL NAME
Personal name Nilson, Arthur H.
245 00 - TITLE STATEMENT
Title Design of concrete structures
Statement of responsibility, etc. by Arthur H. Nilson and George Winter
250 ## - EDITION STATEMENT
Edition statement 10th ed.
260 ## - PUBLICATION, DISTRIBUTION, ETC. (IMPRINT)
Place of publication, distribution, etc. New York:
Name of publisher, distributor, etc. McGraw Hill Book Company,
Date of publication, distribution, etc. 1986.
300 ## - PHYSICAL DESCRIPTION
Extent xi, 380 p. :
Other physical details ill. ;
Dimensions 23 cm.
490 ## - SERIES STATEMENT
Series statement Civil engineering series
504 ## - BIBLIOGRAPHY, ETC. NOTE
Bibliography, etc Includes bibliographies
650 #0 - SUBJECT ADDED ENTRY--TOPICAL TERM
Topical term or geographic name as entry element Reinforced concrete
700 ## - ADDED ENTRY--PERSONAL NAME
Personal name Winter, George
942 ## - ADDED ENTRY ELEMENTS (KOHA)
Koha item type General Book
Holdings
Koha date last borrowed Not for loan Koha out on loan Koha full call number Piece designation (barcode) Koha date last seen Damaged status Koha issues (times borrowed) Lost status Copy number Price effective from Withdrawn status Koha item type Koha normalized classification for sorting Date acquired Shelving location Location (home branch) Sublocation or collection (holding branch) Koha renewals Source of classification or shelving scheme
2026-02-23 2027-02-23624.183/NIL/1986778732026-02-23 6 12014-11-02 General Book624_000000000000000_183NIL19862014-11-02Circulation sectionCentral Library, BUETCentral Library, BUET1 
   624.183 NIL/1986778162024-12-04   ১০/ক-১2024-12-04 Rental Item624_183000000000000_NIL_19861990-10-23Rental sectionCentral Library, BUETCentral Library, BUET  
   624.183 NIL/1986778172024-12-04   ১০/ক-২2024-12-04 Rental Item624_183000000000000_NIL_19861990-10-23Rental sectionCentral Library, BUETCentral Library, BUET  
   624.183 NIL/1986778182024-12-04   ১০/ক-৩2024-12-04 Rental Item624_183000000000000_NIL_19861990-10-23Rental sectionCentral Library, BUETCentral Library, BUET  
   624.183 NIL/1986778192024-12-04   ১০/ক-৪2024-12-04 Rental Item624_183000000000000_NIL_19861990-10-23Rental sectionCentral Library, BUETCentral Library, BUET  
   624.183 NIL/1986778202024-12-04   ১০/ক-৫2024-12-04 Rental Item624_183000000000000_NIL_19861990-10-23Rental sectionCentral Library, BUETCentral Library, BUET  
   624.183 NIL/1986778212024-12-04   ১০/ক-৬2024-12-04 Rental Item624_183000000000000_NIL_19861990-10-23Rental sectionCentral Library, BUETCentral Library, BUET  
   624.183 NIL/1986778222024-12-04   ১০/ক-৭2024-12-04 Rental Item624_183000000000000_NIL_19861990-10-23Rental sectionCentral Library, BUETCentral Library, BUET  
   624.183 NIL/1986778232024-12-04   ১০/ক-৮2024-12-04 Rental Item624_183000000000000_NIL_19861990-10-23Rental sectionCentral Library, BUETCentral Library, BUET  
   624.183 NIL/1986778242024-12-04   ১০/ক-৯2024-12-04 Rental Item624_183000000000000_NIL_19861990-10-23Rental sectionCentral Library, BUETCentral Library, BUET  
   624.183 NIL/1986778252024-12-04   ১০/ক-১০2024-12-04 Rental Item624_183000000000000_NIL_19861990-10-23Rental sectionCentral Library, BUETCentral Library, BUET  
   624.183 NIL/1986778262024-12-04   ১০/ক-১১2024-12-04 Rental Item624_183000000000000_NIL_19861990-10-23Rental sectionCentral Library, BUETCentral Library, BUET  
   624.183 NIL/1986778272024-12-04   ১০/ক-১২2024-12-04 Rental Item624_183000000000000_NIL_19861990-10-23Rental sectionCentral Library, BUETCentral Library, BUET  
   624.183 NIL/1986778282024-12-04   ১০/ক-১৩2024-12-04 Rental Item624_183000000000000_NIL_19861990-10-23Rental sectionCentral Library, BUETCentral Library, BUET  
   624.183 NIL/1986778292024-12-04   ১০/ক-১৪2024-12-04 Rental Item624_183000000000000_NIL_19861990-10-23Rental sectionCentral Library, BUETCentral Library, BUET  
   624.183 NIL/1986778302024-12-04   ১০/ক-১৫2024-12-04 Rental Item624_183000000000000_NIL_19861990-10-23Rental sectionCentral Library, BUETCentral Library, BUET  
   624.183 NIL/1986778312024-12-04   ১০/ক-১৬2024-12-04 Rental Item624_183000000000000_NIL_19861990-10-23Rental sectionCentral Library, BUETCentral Library, BUET  
   624.183 NIL/1986778322024-12-04   ১০/ক-১৭2024-12-04 Rental Item624_183000000000000_NIL_19861990-10-23Rental sectionCentral Library, BUETCentral Library, BUET  
   624.183 NIL/1986778332024-12-04   ১০/ক-১৮2024-12-04 Rental Item624_183000000000000_NIL_19861990-10-23Rental sectionCentral Library, BUETCentral Library, BUET  
   624.183 NIL/1986778342024-12-04   ১০/ক-১৯2024-12-04 Rental Item624_183000000000000_NIL_19861990-10-23Rental sectionCentral Library, BUETCentral Library, BUET  
   624.183 NIL/1986778352024-12-04   ১০/ক-২০2024-12-04 Rental Item624_183000000000000_NIL_19861990-10-23Rental sectionCentral Library, BUETCentral Library, BUET